Rýchle a pamäťovo efektívne prediktívne riadenie hybridnýh systémov habilitačná práca
Na minha lista:
| Autor principal: | |
|---|---|
| Formato: | Livro |
| Idioma: | eslovaco |
| Publicado em: |
Bratislava
STU FCHPT
2011
|
| Acesso em linha: | View in OPAC |
| Tags: |
Sem tags, seja o primeiro a adicionar uma tag!
|
MARC
| LEADER | 00000nam a2200000 a 4500 | ||
|---|---|---|---|
| 005 | 20260127134223.0 | ||
| 008 | 150302 2014 000 0 slo d | ||
| 035 | |a vtls010657827 | ||
| 039 | 9 | |y 201503020945 |z mschk03 | |
| 040 | |a STUSCHK1 |b slo |c STUSCHK1 |e AACR2 | ||
| 100 | 1 | |a Kvasnica, Michal | |
| 245 | 1 | |a Rýchle a pamäťovo efektívne prediktívne riadenie hybridnýh systémov |b habilitačná práca |c Michal Kvasnica | |
| 260 | |a Bratislava |b STU FCHPT |c 2011 | ||
| 300 | |a 41 s. |b il. |c 30 cm | ||
| 910 | |a SCHK95 | ||
| 999 | |c 7059 |d 7059 | ||